| 000 | nam a22 7a 4500 | ||
|---|---|---|---|
| 999 |
_c153731 _d153729 |
||
| 005 | 20200120125339.0 | ||
| 008 | 200120b mx ||||| |||| 00| 0 spa d | ||
| 050 | 0 | 4 |
_aKGF3015 _bC66 1998 |
| 111 | 2 |
_aConferencia internacional _c(Palacio Legislativo : _d6 al 9 de mayo 1998) |
|
| 245 | 1 | 3 |
_aEl derecho de la información en el marco de la reforma del Estado de México _b: carpeta hemerográfica |
| 250 | _a1a ed. | ||
| 260 |
_aMéxico : _bCámara de Diputados LVII Legislatura ; _bKonrad Adenauer Stiftung ; _bUniversidad Iberoamericana, _c1998. |
||
| 300 |
_ap. v. : _bil. ; _c28 cm |
||
| 650 | 7 |
_2lemb _aLibertad de información _vCongresos _zMéxico _zEstado de México |
|
| 650 | 7 |
_2lemb _aLibertad de prensa _vCongresos _zMéxico _zEstado de México |
|
| 942 |
_2lcc _cLIB |
||